[Event "2022 Mary Thomson Cup (Division A)"]
[Site "Woodvale, Perth WA AUS"]
[Date "2022.02.02"]
[Round "1"]
[White "Davoll, Josh"]
[Black "Maggs, Derwent"]
[Result "0-1"]
[WhiteElo "1818"]
[BlackElo "2292"]
[PlyCount "96"]
[EventDate "2022.02.02"]
[EventType "swiss"]
[EventRounds "7"]
[EventCountry "AUS"]

1. e4 e6 2. d4 d5 3. exd5 exd5 4. Bd3 Nc6 5. Ne2 Bd6 6. c3 Nge7 7. Qc2 Bg4 8.
f3 Bh5 9. Nf4 Bg6 10. h4 Bxd3 11. Qxd3 Ng6 12. Nxg6 hxg6 13. Bg5 Bg3+ 14. Kd1
Qd7 15. Nd2 Qf5 16. Qxf5 gxf5 17. Nf1 Bd6 18. Ne3 f6 19. Bxf6 gxf6 20. Nxf5 Kd7
21. Ke2 Ne7 22. Nxd6 Kxd6 23. Rag1 Nf5 24. g3 Rae8+ 25. Kf2 Re7 26. Re1 Rg7 27.
Reg1 b6 28. h5 Rg5 29. g4 Nh6 30. Re1 Rh7 31. Ke3 Re7+ 32. Kf4 Rgg7 33. Rhg1 c5
34. Rxe7 Kxe7 35. g5 fxg5+ 36. Rxg5 Rf7+ 37. Ke5 Rxf3 38. Kxd5 cxd4 39. Kxd4
Nf7 40. Rb5 Rf2 41. a4 Rf4+ 42. Kd5 Rxa4 43. b4 Ra1 44. c4 Nd6 45. Kc6 Nxb5 46.
Kxb5 Kd6 47. h6 Kc7 48. h7 a6# 0-1

[Event "2022 Mary Thomson Cup (Division A)"]
[Site "Woodvale, Perth WA AUS"]
[Date "2022.02.02"]
[Round "1"]
[White "Saxon, Marc"]
[Black "Leonhardt, Wolfgang"]
[Result "1-0"]
[WhiteElo "1979"]
[BlackElo "1805"]
[PlyCount "31"]
[EventDate "2022.02.02"]
[EventType "swiss"]
[EventRounds "7"]
[EventCountry "AUS"]

1. e4 c5 2. Nf3 Nc6 3. d4 cxd4 4. Nxd4 d6 5. Bc4 Nf6 6. Nc3 g6 7. f3 Bg7 8. Be3
a6 9. Qd2 Ne5 10. Bb3 h5 11. f4 Neg4 12. Bg1 O-O 13. h3 Nh6 14. Be3 Kh7 15.
O-O-O e5 16. Nf3 1-0

[Event "2022 Mary Thomson Cup (Division A)"]
[Site "Woodvale, Perth WA AUS"]
[Date "2022.02.02"]
[Round "1"]
[White "Plaganyi, Gyula"]
[Black "Barry, David"]
[Result "1-0"]
[WhiteElo "1748"]
[WhiteTitle "CM"]
[BlackElo "1834"]
[PlyCount "161"]
[EventDate "2022.02.02"]
[EventType "swiss"]
[EventRounds "7"]
[EventCountry "AUS"]

1. d4 Nf6 2. c4 e6 3. Nf3 d5 4. Bg5 Be7 5. Nc3 O-O 6. e3 Nbd7 7. Rc1 b6 8. cxd5
exd5 9. Bd3 c5 10. O-O cxd4 11. Nxd4 Nc5 12. Nc6 Qd6 13. Nxe7+ Qxe7 14. Nxd5
Qe5 15. Bxf6 gxf6 16. Nc3 Nxd3 17. Qxd3 Bf5 18. Qd5 Rad8 19. Qxe5 fxe5 20. Rfd1
f6 21. Rxd8 Rxd8 22. Rd1 Rxd1+ 23. Nxd1 a5 24. Nc3 Be6 25. a3 Kf7 26. g3 Ke7
27. f4 exf4 28. gxf4 f5 29. Kf2 Kd6 30. Nb5+ Kc5 31. Nd4 Bd7 32. Ke2 Kd5 33.
Kd3 Bc8 34. Nf3 h6 35. h4 Ba6+ 36. Kd2 Ke4 37. Ne5 Bf1 38. b3 Kd5 39. Nf7 h5
40. Ne5 Bb5 41. a4 Be8 42. Nc4 Kc5 43. Kc3 Bc6 44. Nd2 Bg2 45. Nc4 Bc6 46. Ne5
Be8 47. Nf3 Kd5 48. Nd2 Bc6 49. Kd3 b5 50. e4+ fxe4+ 51. Nxe4 Ke6 52. axb5
Bxb5+ 53. Kd4 Bc6 54. Ng3 Be8 55. Kc5 a4 56. bxa4 Bxa4 57. Kd4 Bd1 58. Ke4 Bc2+
59. Ke3 Bg6 60. Kf3 Be8 61. Ke4 Bg6+ 62. Kd4 Be8 63. f5+ Kf6 64. Ke4 Bf7 65.
Kf4 Be8 66. Ne4+ Kg7 67. Kg5 Bf7 68. Ng3 Kh7 69. Nxh5 Kh8 70. Nf6 Bb3 71. Ng4
Bc2 72. f6 Bb3 73. h5 Kh7 74. Ne5 Bd5 75. f7 Bxf7 76. Nxf7 Kg7 77. Ne5 Kh7 78.
h6 Kh8 79. Kg6 Kg8 80. h7+ Kh8 81. Nf7# 1-0

[Event "2022 Mary Thomson Cup (Division A)"]
[Site "Woodvale, Perth WA AUS"]
[Date "2022.02.02"]
[Round "1"]
[White "List, Ross"]
[Black "Clarke, Daniel"]
[Result "0-1"]
[WhiteElo "1826"]
[BlackElo "1748"]
[PlyCount "50"]
[EventDate "2022.02.02"]
[EventType "swiss"]
[EventRounds "7"]
[EventCountry "AUS"]

1. d4 d5 2. c4 e6 3. Nc3 Nf6 4. cxd5 exd5 5. Bg5 Nbd7 6. e3 Be7 7. Bd3 h6 8.
Bh4 O-O 9. Qc2 c6 10. Nf3 Re8 11. O-O Nf8 12. h3 Be6 13. Bxf6 Bxf6 14. b4 Qc7
15. Rfc1 Be7 16. Rab1 a5 17. a3 axb4 18. axb4 Nd7 19. Ne2 Nb6 20. b5 Nc4 21.
Qc3 Ra4 22. bxc6 Qxc6 23. Nf4 b5 24. Ra1 Rea8 25. Bc2 Bb4 0-1

[Event "2022 Mary Thomson Cup (Division B)"]
[Site "Woodvale, Perth WA AUS"]
[Date "2022.02.02"]
[Round "1"]
[White "Doshi, Chirag"]
[Black "Walker, Colin"]
[Result "1-0"]
[WhiteElo "1760"]
[BlackElo "1425"]
[PlyCount "31"]
[EventDate "2022.02.02"]
[EventType "tourn"]
[EventRounds "7"]
[EventCountry "AUS"]

1. e4 e5 2. f4 d6 3. Nf3 exf4 4. d4 Nf6 5. Bd3 Bg4 6. Bxf4 h6 7. c3 Bh5 8. O-O
Bg6 9. Nbd2 Nc6 10. Qa4 a6 11. Rfe1 b5 12. Qc2 Be7 13. e5 Bxd3 14. Qxd3 Nh5 15.
Qe4 d5 16. Qf5 {Scoresheet illegible.} 1-0

[Event "2022 Mary Thomson Cup (Division B)"]
[Site "Woodvale, Perth WA AUS"]
[Date "2022.02.02"]
[Round "1"]
[White "Gough, Dylan"]
[Black "Leech, Martin"]
[Result "1-0"]
[WhiteElo "1699"]
[BlackElo "1430"]
[PlyCount "63"]
[EventDate "2022.02.02"]
[EventType "tourn"]
[EventRounds "7"]
[EventCountry "AUS"]

1. d4 Nf6 2. c4 e6 3. Nc3 Bb4 4. Bd2 O-O 5. Nf3 b6 6. e3 Bb7 7. Be2 c5 8. a3
Bxc3 9. Bxc3 Ne4 10. O-O Nxc3 11. bxc3 Nc6 12. d5 Ne7 13. e4 exd5 14. cxd5 d6
15. c4 Ng6 16. Qd2 Qe7 17. Bd3 a6 18. a4 Rae8 19. Rab1 Qd8 20. a5 Re7 21. Rxb6
Bc8 22. h3 f5 23. Re1 Ne5 24. Nxe5 Rxe5 25. f4 Ree8 26. e5 Re7 27. Rxd6 Rd7 28.
Rxd7 Qxd7 29. Rb1 g6 30. Rb6 Rd8 31. Qe3 Bb7 32. Qxc5 1-0

[Event "2022 Mary Thomson Cup (Division B)"]
[Site "Woodvale, Perth WA AUS"]
[Date "2022.02.02"]
[Round "1"]
[White "Hintz, Steven"]
[Black "Oswald, Franz"]
[Result "1/2-1/2"]
[WhiteElo "1558"]
[BlackElo "1505"]
[PlyCount "72"]
[EventDate "2022.02.02"]
[EventType "tourn"]
[EventRounds "7"]
[EventCountry "AUS"]

1. d4 Nf6 2. c4 e6 3. Nf3 b6 4. g3 Bb7 5. Bg2 Be7 6. O-O O-O 7. Nc3 Ne4 8. Qc2
f5 9. Rd1 Nxc3 10. Qxc3 d6 11. Qd2 Nd7 12. b3 Bf6 13. Bb2 Be4 14. Rac1 Qe7 15.
e3 Rad8 16. Ba3 c5 17. Bb2 Nb8 18. Qe2 Nc6 19. Bc3 a5 20. Bf1 Nb4 21. a3 Na2
22. Qxa2 Bxf3 23. Be2 Bxe2 24. Qxe2 Qb7 25. d5 Bxc3 26. Rxc3 e5 27. e4 Qf7 28.
exf5 Qxf5 29. Kg2 Qg6 30. a4 Rf6 31. Qd3 Qf7 32. Rc2 Rf8 33. Qe2 Qg6 34. Qd3
Qf7 35. Qe2 Qg6 36. Qd3 Qf7 1/2-1/2

[Event "2022 Mary Thomson Cup (Division C)"]
[Site "Woodvale, Perth WA AUS"]
[Date "2022.02.02"]
[Round "1"]
[White "Massam, Justin"]
[Black "Powell, Darren"]
[Result "1-0"]
[WhiteElo "1424"]
[BlackElo "1210"]
[PlyCount "77"]
[EventDate "2022.02.02"]
[EventType "tourn"]
[EventRounds "7"]
[EventCountry "AUS"]

1. d4 d5 2. Nf3 Nc6 3. Bf4 Nf6 4. e3 a6 5. h3 e6 6. Nbd2 Bb4 7. c3 Ba5 8. Bd3
Bd7 9. O-O h6 10. Re1 Qe7 11. Ne5 O-O-O 12. Ndf3 g5 13. Nxc6 Bxc6 14. Bg3 Rdg8
15. Ne5 Bd7 16. h4 Ne4 17. Bxe4 dxe4 18. h5 Be8 19. f3 f5 20. fxe4 f4 21. Bh2
Qg7 22. Qg4 Qf6 23. Rf1 Qe7 24. Rf3 Kb8 25. Raf1 c6 26. exf4 gxf4 27. Qxf4 Bc7
28. Rh3 Rg5 29. Qf6 Qh7 30. Qxe6 Qxe4 31. Nd7+ Bxd7 32. Qxe4 Bxh2+ 33. Rxh2 Re8
34. Qh7 Bg4 35. Qxh6 Reg8 36. Qd6+ Ka7 37. h6 Bh5 38. h7 Rh8 39. Qf6 1-0

[Event "2022 Mary Thomson Cup (Division C)"]
[Site "Woodvale, Perth WA AUS"]
[Date "2022.03.16"]
[Round "1"]
[White "Boswarva, Ernest"]
[Black "Brooke, John"]
[Result "0-1"]
[WhiteElo "1423"]
[BlackElo "1291"]
[PlyCount "67"]
[EventDate "2022.02.02"]
[EventType "tourn"]
[EventRounds "7"]
[EventCountry "AUS"]

1. d4 d5 2. e3 Bf5 3. c4 Nf6 4. Qb3 Qc8 5. cxd5 Nbd7 6. Nf3 e6 7. Nc3 Nb6 8.
Bb5+ c6 9. dxc6 bxc6 10. Ba4 Nxa4 11. Qxa4 Be7 12. Ne5 O-O 13. Qxc6 Qxc6 14.
Nxc6 Bd6 15. Nb5 Ne8 16. Nxd6 Nxd6 17. O-O Rfe8 18. Bd2 Nc4 19. Bc3 Be4 20. b3
Na3 21. Nb4 Rab8 22. f3 Bg6 23. Bb2 Nb5 24. a4 Nd6 25. Rfb1 Bxb1 26. Rxb1 Rxb4
27. Ba3 Rb6 28. Bc5 Ra6 29. Ra1 Nb7 30. b4 Nxc5 31. dxc5 Rc6 32. Rc1 Rec8 33.
Kf2 a6 34. Ke2 {Game continued for several more moves.} 0-1

[Event "2022 Mary Thomson Cup (Division C)"]
[Site "Woodvale, Perth WA AUS"]
[Date "2022.02.02"]
[Round "1"]
[White "Hounsome, David"]
[Black "Lanham, Bruce"]
[Result "1-0"]
[WhiteElo "1378"]
[BlackElo "1220"]
[PlyCount "63"]
[EventDate "2022.02.02"]
[EventType "tourn"]
[EventRounds "7"]
[EventCountry "AUS"]

1. b3 d5 2. Bb2 e6 3. e3 Nf6 4. Nf3 Nbd7 5. d4 Be7 6. Nbd2 O-O 7. Bd3 h6 8. O-O
c5 9. c4 cxd4 10. exd4 dxc4 11. bxc4 Nb6 12. a4 a5 13. Qc2 Bd7 14. Rfe1 Bb4 15.
Re2 Bxd2 16. Nxd2 Qc7 17. Ne4 Nxe4 18. Rxe4 f5 19. Re5 Bc8 20. Qb3 Nd7 21. Re2
Nf6 22. Rc1 b6 23. d5 exd5 24. cxd5 Qd7 25. d6+ Kh7 26. Be5 Ba6 27. Bxa6 Rxa6
28. Rc7 Qd8 29. Qd3 Ra8 30. Qxf5+ Kg8 31. Qg6 Qe8 32. Qxg7# 1-0

[Event "2022 Mary Thomson Cup (Division C)"]
[Site "Woodvale, Perth WA AUS"]
[Date "2022.02.02"]
[Round "1"]
[White "Michael, Ashley"]
[Black "Knight, Charles"]
[Result "1-0"]
[WhiteElo "1334"]
[BlackElo "1322"]
[PlyCount "67"]
[EventDate "2022.02.02"]
[EventType "tourn"]
[EventRounds "7"]
[EventCountry "AUS"]

1. e4 c6 2. d4 d5 3. f3 dxe4 4. fxe4 e5 5. Nf3 Bg4 6. Bc4 Bxf3 7. Qxf3 Qf6 8.
dxe5 Qxf3 9. gxf3 Be7 10. Bf4 Bh4+ 11. Bg3 Bg5 12. f4 Bh6 13. Nc3 Ne7 14. e6 f6
15. O-O-O O-O 16. Ne2 b5 17. Bb3 c5 18. Bd5 Nxd5 19. exd5 Rd8 20. e7 Re8 21. d6
Nc6 22. Nc3 Nxe7 23. dxe7 Rxe7 24. Nxb5 a6 25. Nd6 g6 26. Rhe1 Bf8 27. Rxe7
Bxe7 28. f5 g5 29. Bf2 Rd8 30. Bxc5 Bxd6 31. Rxd6 Rxd6 32. Bxd6 h5 33. c4 Kf7
34. c5 1-0

[Event "2022 Mary Thomson Cup (Division D)"]
[Site "Woodvale, Perth WA AUS"]
[Date "2022.02.02"]
[Round "1"]
[White "Frankland, David"]
[Black "Rennie, Mike"]
[Result "0-1"]
[WhiteElo "1003"]
[BlackElo "818"]
[PlyCount "66"]
[EventDate "2022.02.02"]
[EventType "tourn"]
[EventRounds "7"]
[EventCountry "AUS"]

1. e4 e5 2. d3 Nc6 3. c3 d6 4. h4 Be6 5. Be2 Be7 6. g3 Nf6 7. Bg5 Nd7 8. Bxe7
Nxe7 9. Na3 O-O 10. Bg4 d5 11. Bf3 Nc5 12. exd5 Bxd5 13. c4 Bc6 14. Bxc6 Nxd3+
15. Kf1 Nxc6 16. Qb3 Qd4 17. Qc2 Ncb4 18. Qd2 Qe4 19. f3 Qd4 20. Rh2 e4 21. Ne2
Qd6 22. fxe4 Qf6+ 23. Kg1 Rad8 24. Qc3 Qb6+ 25. Kf1 Qe3 26. Nc2 Qf3+ 27. Kg1
Nxc2 28. Qxc2 Qe3+ 29. Kh1 Nf2+ 30. Kg2 Rd2 31. Qc3 Qxe2 32. Rf1 Ng4+ 33. Kh3
Nxh2 0-1

[Event "2022 Mary Thomson Cup (Division D)"]
[Site "Woodvale, Perth WA AUS"]
[Date "2022.02.02"]
[Round "1"]
[White "Markou, Victor"]
[Black "Muller, Norbert"]
[Result "0-1"]
[WhiteElo "1108"]
[BlackElo "1202"]
[PlyCount "76"]
[EventDate "2022.02.02"]
[EventType "tourn"]
[EventRounds "7"]
[EventCountry "AUS"]

1. e4 e5 2. Nf3 Nc6 3. d3 Nf6 4. g3 Be7 5. Bg2 d5 6. Nbd2 Bg4 7. O-O Qd6 8. Re1
Rd8 9. Nf1 dxe4 10. N1d2 exf3 11. Nxf3 e4 12. h3 exf3 13. Bxf3 Bxf3 14. Qxf3
Nd4 15. Qd1 O-O 16. Bf4 Qc5 17. c3 Ne6 18. Be3 Qb5 19. d4 c5 20. Qe2 Qxe2 21.
Rxe2 cxd4 22. cxd4 Nxd4 23. Bxd4 Rxd4 24. Rxe7 Rd7 25. Rxd7 Nxd7 26. Rd1 Ne5
27. Kg2 g6 28. Rd5 f6 29. f4 Nc6 30. Rd7 Rf7 31. Rd2 Kg7 32. a3 h5 33. h4 f5
34. Rd6 Re7 35. Kf2 Na5 36. Rd3 Nc4 37. b4 Nb2 38. Re3 Nd1+ 0-1

[Event "2022 Mary Thomson Cup (Division D)"]
[Site "Woodvale, Perth WA AUS"]
[Date "2022.02.02"]
[Round "1"]
[White "Young, Manfred"]
[Black "Kwenda, Ridge"]
[Result "1-0"]
[WhiteElo "1127"]
[BlackElo "913"]
[PlyCount "62"]
[EventDate "2022.02.02"]
[EventType "tourn"]
[EventRounds "7"]
[EventCountry "AUS"]

1. d4 d5 2. Nf3 Nc6 3. a3 e6 4. Nc3 h6 5. e3 Be7 6. Bb5 Bd7 7. O-O Nf6 8. h3
O-O 9. Bd3 a6 10. e4 dxe4 11. Nxe4 Na5 12. c3 Nxe4 13. Bxe4 Rb8 14. Bd3 Bc6 15.
Ne5 Bd5 16. b4 Nb3 17. Rb1 Nxc1 18. Qxc1 Bd6 19. Qe3 Bxe5 20. Qxe5 c6 21. c4 f6
22. Qe3 Bxg2 23. Kxg2 b5 24. Qxe6+ Kh8 25. Qf5 Kg8 26. Qh7+ Kf7 27. Bg6+ Ke6
28. Rfe1+ Kd6 29. c5+ Kd5 30. Be4+ Kc4 31. Rec1+ Kxd4 1-0

[Event "2022 Mary Thomson Cup (Division A)"]
[Site "Woodvale, Perth WA AUS"]
[Date "2022.02.09"]
[Round "2"]
[White "Maggs, Derwent"]
[Black "Plaganyi, Gyula"]
[Result "1/2-1/2"]
[WhiteElo "2292"]
[BlackElo "1748"]
[BlackTitle "CM"]
[PlyCount "121"]
[EventDate "2022.02.02"]
[EventType "swiss"]
[EventRounds "7"]
[EventCountry "AUS"]

1. d4 Nf6 2. c4 e6 3. Nf3 Bb4+ 4. Nbd2 b6 5. g3 Bb7 6. Bg2 Ne4 7. O-O Nxd2 8.
Bxd2 Bxd2 9. Qxd2 d6 10. Rac1 Nd7 11. Rfd1 O-O 12. Qd3 Rb8 13. e4 Qe7 14. b4 e5
15. d5 Ra8 16. a3 a5 17. Nd2 axb4 18. axb4 Ra4 19. Ra1 Rfa8 20. Qc3 Qe8 21. Nb3
Rxa1 22. Rxa1 Rxa1+ 23. Qxa1 Qa8 24. Qxa8+ Bxa8 25. Bh3 Nf6 26. f3 Bb7 27. Kf2
Kf8 28. Ke3 Ke7 29. f4 c6 30. fxe5 dxe5 31. Kd3 Ne8 32. Nd2 f6 33. Bg2 Nd6 34.
c5 Ba6+ 35. Kc3 Nb5+ 36. Kb2 bxc5 37. bxc5 cxd5 38. exd5 Nd4 39. Kc3 f5 40. Nc4
Ne2+ 41. Kb4 Bxc4 42. Kxc4 e4 43. Bf1 Ng1 44. Kb5 e3 45. d6+ Kd8 46. Kb6 e2 47.
Bxe2 Nxe2 48. Kb7 Nd4 49. c6 Nxc6 50. Kxc6 g5 51. Kd5 f4 52. gxf4 gxf4 53. Ke4
f3 54. Kxf3 Kd7 55. Kg4 Kxd6 56. Kg5 Ke6 57. Kh6 Kf5 58. h3 Kf4 59. h4 Kg4 60.
h5 Kh4 61. Kxh7 1/2-1/2

[Event "2022 Mary Thomson Cup (Division A)"]
[Site "Woodvale, Perth WA AUS"]
[Date "2022.02.09"]
[Round "2"]
[White "Clarke, Daniel"]
[Black "Saxon, Marc"]
[Result "1/2-1/2"]
[WhiteElo "1748"]
[BlackElo "1979"]
[PlyCount "93"]
[EventDate "2022.02.02"]
[EventType "swiss"]
[EventRounds "7"]
[EventCountry "AUS"]

1. e4 g6 2. d4 Bg7 3. Nc3 d6 4. Be3 Nd7 5. Nf3 Ngf6 6. Bc4 O-O 7. Qd2 c5 8.
dxc5 Nxc5 9. Ng5 Ncd7 10. f3 Ne5 11. Bb3 h6 12. f4 Neg4 13. Nxf7 Rxf7 14. Bxf7+
Kxf7 15. Bg1 Nh5 16. O-O-O Qa5 17. Bd4 Kg8 18. h3 Bxd4 19. Qxd4 Ngf6 20. e5
dxe5 21. fxe5 Nd7 22. e6 Ndf6 23. Qd8+ Qxd8 24. Rxd8+ Kh7 25. Rf1 b6 26. g4 Ng7
27. Rxf6 exf6 28. Nd5 Nxe6 29. Re8 Kg7 30. Re7+ Kf8 31. Rh7 Ng7 32. Nc7 Rb8 33.
Rh8+ Kf7 34. Na6 Ra8 35. Nc7 Rb8 36. Na6 Bxa6 37. Rxb8 Bf1 38. Rb7+ Kg8 39. h4
Bh3 40. Rxa7 Bxg4 41. Ra6 g5 42. Rxb6 Ne6 43. h5 Kf7 44. Rb7+ Kg8 45. Rb6 Kf7
46. Rb7+ Kg8 47. Rb6 1/2-1/2

[Event "2022 Mary Thomson Cup (Division A)"]
[Site "Woodvale, Perth WA AUS"]
[Date "2022.02.09"]
[Round "2"]
[White "Barry, David"]
[Black "Maris, Rob"]
[Result "0-1"]
[WhiteElo "1834"]
[BlackElo "2093"]
[PlyCount "58"]
[EventDate "2022.02.02"]
[EventType "swiss"]
[EventRounds "7"]
[EventCountry "AUS"]

1. e4 c5 2. Nf3 Nc6 3. d4 cxd4 4. Nxd4 e6 5. Nc3 Qc7 6. Be2 a6 7. O-O Nf6 8.
Be3 b5 9. a3 Bb7 10. Nxc6 Bxc6 11. Bf3 Bd6 12. g3 Be5 13. Bd4 O-O 14. Bg2 Rad8
15. f4 Bxd4+ 16. Qxd4 d5 17. e5 Nd7 18. Rad1 Rb8 19. Ne2 Ba8 20. c3 a5 21. Qd2
Rb6 22. Nd4 Rfb8 23. Rf2 b4 24. cxb4 axb4 25. Rc1 Qa7 26. axb4 Rxb4 27. Rc8+
Rxc8 28. Qxb4 Rc4 29. Nb5 Qxf2+ 0-1

[Event "2022 Mary Thomson Cup (Division A)"]
[Site "Woodvale, Perth WA AUS"]
[Date "2022.02.09"]
[Round "2"]
[White "Leonhardt, Wolfgang"]
[Black "List, Ross"]
[Result "0-1"]
[WhiteElo "1805"]
[BlackElo "1826"]
[PlyCount "36"]
[EventDate "2022.02.02"]
[EventType "swiss"]
[EventRounds "7"]
[EventCountry "AUS"]

1. e4 d5 2. exd5 Qxd5 3. Nc3 Qa5 4. d4 Nf6 5. Bc4 c6 6. Nge2 Bf5 7. Ng3 Bg6 8.
O-O Nbd7 9. Bf4 e6 10. Qe2 Be7 11. Nce4 O-O 12. Nxf6+ Nxf6 13. Be5 Rae8 14. c3
Nd5 15. Ne4 Qd8 16. Bg3 f5 17. Nc5 Bxc5 18. dxc5 f4 0-1

[Event "2022 Mary Thomson Cup (Division B)"]
[Site "Woodvale, Perth WA AUS"]
[Date "2022.02.09"]
[Round "2"]
[White "Walker, Colin"]
[Black "Weijermars, Tristan"]
[Result "1/2-1/2"]
[WhiteElo "1425"]
[BlackElo "1459"]
[PlyCount "75"]
[EventDate "2022.02.02"]
[EventType "tourn"]
[EventRounds "7"]
[EventCountry "AUS"]

1. d4 d5 2. h3 Bf5 3. Bf4 Nf6 4. Nf3 e6 5. e3 Nbd7 6. Nbd2 c5 7. Be2 cxd4 8.
exd4 h6 9. O-O Be7 10. Nb3 O-O 11. Bd3 Bxd3 12. Qxd3 Rc8 13. Bh2 Qb6 14. c3 Rc6
15. Rab1 Rfc8 16. Ne5 Nxe5 17. Bxe5 Nd7 18. Bg3 Qd8 19. Nd2 Nb6 20. f4 Nc4 21.
Nxc4 dxc4 22. Qf3 Qa5 23. f5 Qd5 24. Qxd5 exd5 25. Be5 Bd6 26. Bxd6 Rxd6 27. g4
f6 28. Rfe1 Kf7 29. Kf2 Rd7 30. Re3 Re8 31. Rbe1 Rxe3 32. Rxe3 Re7 33. Rf3 Re4
34. b3 b5 35. Re3 Rxe3 36. Kxe3 a5 37. bxc4 bxc4 38. a3 1/2-1/2

[Event "2022 Mary Thomson Cup (Division B)"]
[Site "Woodvale, Perth WA AUS"]
[Date "2022.02.09"]
[Round "2"]
[White "Oswald, Franz"]
[Black "Howard, Mark"]
[Result "1/2-1/2"]
[WhiteElo "1505"]
[BlackElo "1473"]
[PlyCount "112"]
[EventDate "2022.02.02"]
[EventType "tourn"]
[EventRounds "7"]
[EventCountry "AUS"]

1. d4 d6 2. c4 g6 3. Nc3 Bg7 4. e4 c6 5. Be3 Nd7 6. Qd2 e5 7. d5 Ne7 8. f3 c5
9. Bd3 Nb6 10. Nge2 f5 11. O-O-O f4 12. Bf2 Bd7 13. Rdg1 Na4 14. g4 Nxc3 15.
Nxc3 Nc8 16. h4 Nb6 17. g5 Qe7 18. h5 gxh5 19. Rxh5 O-O-O 20. Rgh1 Rdg8 21.
Rxh7 Rxh7 22. Rxh7 Qxg5 23. Qe1 Qg6 24. Qh1 Bf6 25. Bf1 Qe8 26. b3 Rh8 27. Rxh8
Qxh8 28. Qxh8+ Bxh8 29. Bh4 Kc7 30. Kd2 a6 31. Ke2 Bg7 32. a4 Bf8 33. Nd1 Nc8
34. Nf2 Be7 35. Bxe7 Nxe7 36. Bh3 Be8 37. Be6 Bh5 38. Bg4 Bf7 39. Nh3 Kd8 40.
Ng5 Ke8 41. Kd3 Ng8 42. Bc8 b6 43. Bxa6 Bh5 44. Bc8 Nh6 45. Bh3 Nf7 46. Nxf7
Kxf7 47. Ke2 Kf6 48. Kf2 Kg5 49. Kg2 Kh4 50. Bd7 Bf7 51. Bg4 Be8 52. Kf2 Kg5
53. Ke2 Kh4 54. Kf2 Kg5 55. Kg2 Kh4 56. Kf2 Kg5 1/2-1/2

[Event "2022 Mary Thomson Cup (Division B)"]
[Site "Woodvale, Perth WA AUS"]
[Date "2022.02.09"]
[Round "2"]
[White "Leech, Martin"]
[Black "Hintz, Steven"]
[Result "0-1"]
[WhiteElo "1430"]
[BlackElo "1558"]
[PlyCount "122"]
[EventDate "2022.02.02"]
[EventType "tourn"]
[EventRounds "7"]
[EventCountry "AUS"]

1. e4 e6 2. d4 d5 3. Nc3 dxe4 4. Nxe4 Nd7 5. Nf3 Ngf6 6. Bd3 Be7 7. O-O O-O 8.
Bf4 b6 9. c3 Bb7 10. Qc2 c5 11. dxc5 Nxe4 12. Bxe4 Bxe4 13. Qxe4 Nf6 14. Qc2
Bxc5 15. b4 Be7 16. Rad1 Qc8 17. a3 Nh5 18. Be3 Nf6 19. Ng5 h6 20. Nf3 Qb7 21.
Rfe1 Rfd8 22. Bd4 Rac8 23. h3 Rc7 24. Re3 Rdc8 25. Ne5 Ne8 26. Rg3 f6 27. Ng6
Bd6 28. Rgd3 Be7 29. Be3 Qa6 30. a4 Qc4 31. Nxe7+ Rxe7 32. Qd2 Qa6 33. Rd7 Rc7
34. Rxc7 Nxc7 35. Qd8+ Kf7 36. Rd7 Nd5 37. Bf4 Qxa4 38. Rxe7+ Nxe7 39. Bd6 Qe8
40. Qc7 a5 41. bxa5 bxa5 42. Qxa5 Kg6 43. c4 Nf5 44. Bb4 e5 45. c5 Nd4 46. Qa6
Qd7 47. Bc3 Nc6 48. Qb5 Kf5 49. f3 Ke6 50. Qc4+ Qd5 51. Qg4+ Kf7 52. Bb4 Kg8
53. Ba3 Qd4+ 54. Qxd4 Nxd4 55. Kf2 Kf7 56. Ke3 Nc2+ 57. Kd3 Nxa3 58. c6 Ke6 59.
Kc3 Kd6 60. Kb4 Nc2+ 61. Kb5 Nd4+ 0-1

[Event "2022 Mary Thomson Cup (Division B)"]
[Site "Woodvale, Perth WA AUS"]
[Date "2022.02.09"]
[Round "2"]
[White "Doshi, Chirag"]
[Black "Gough, Dylan"]
[Result "1/2-1/2"]
[WhiteElo "1760"]
[BlackElo "1699"]
[PlyCount "82"]
[EventDate "2022.02.02"]
[EventType "tourn"]
[EventRounds "7"]
[EventCountry "AUS"]

1. e4 c6 2. d4 d5 3. exd5 cxd5 4. Bd3 Nc6 5. c3 h6 6. Nf3 Nf6 7. Ne5 e6 8. f4
Nxe5 9. fxe5 Nh7 10. Qg4 Qe7 11. O-O Bd7 12. b3 O-O-O 13. a4 f5 14. Qe2 Kb8 15.
Ba3 Qe8 16. Bxf8 Rxf8 17. Na3 Ng5 18. Nb5 Ne4 19. Bxe4 Bxb5 20. axb5 fxe4 21.
Rxf8 Qxf8 22. Qa2 e3 23. Qxa7+ Kc8 24. Qa8+ Kc7 25. Qa5+ Kd7 26. Qa2 Qe7 27.
Qe2 Qg5 28. Re1 Ra8 29. Qf3 Ra3 30. Qd1 Ra2 31. Qf3 Rb2 32. Qf7+ Qe7 33. Qxe7+
Kxe7 34. Rxe3 Rxb3 35. Rf3 Rxb5 36. Kf2 Rb2+ 37. Kg3 b5 38. h4 b4 39. cxb4 Rxb4
40. Rf4 h5 41. Kf2 Rb2+ 1/2-1/2

[Event "2022 Mary Thomson Cup (Division C)"]
[Site "Woodvale, Perth WA AUS"]
[Date "2022.02.09"]
[Round "2"]
[White "Powell, Darren"]
[Black "Knight, Charles"]
[Result "0-1"]
[WhiteElo "1210"]
[BlackElo "1322"]
[PlyCount "58"]
[EventDate "2022.02.02"]
[EventType "tourn"]
[EventRounds "7"]
[EventCountry "AUS"]

1. e4 c6 2. g3 d5 3. Bg2 dxe4 4. Bxe4 Nf6 5. Bf3 Bf5 6. d3 Nbd7 7. b3 h5 8. h3
e5 9. Qe2 Bb4+ 10. c3 Bd6 11. Bg5 Qe7 12. Bxh5 Rxh5 13. Bxf6 Nxf6 14. Nd2 O-O-O
15. O-O-O Ba3+ 16. Kc2 Bxd3+ 17. Qxd3 Rxd3 18. Kxd3 e4+ 19. Kc2 e3 20. Re1 Nd5
21. Ngf3 Qc5 22. Ne4 Qe7 23. Kd3 exf2 24. Nxf2 Qf6 25. Nd4 Qxf2 26. Rhf1 Qxg3+
27. Nf3 Rxh3 28. Kc2 Qg2+ 29. Kd3 Rxf3+ 0-1

[Event "2022 Mary Thomson Cup (Division C)"]
[Site "Woodvale, Perth WA AUS"]
[Date "2022.02.09"]
[Round "2"]
[White "Lanham, Bruce"]
[Black "Michael, Ashley"]
[Result "0-1"]
[WhiteElo "1220"]
[BlackElo "1334"]
[PlyCount "76"]
[EventDate "2022.02.02"]
[EventType "tourn"]
[EventRounds "7"]
[EventCountry "AUS"]

1. d4 d5 2. Nf3 Nf6 3. g3 Nc6 4. Bg2 Bf5 5. a3 Qd7 6. h3 O-O-O 7. Nc3 h6 8. Bd2
g5 9. g4 Bg6 10. Be3 Ne4 11. Nxe4 Bxe4 12. Qd2 e6 13. O-O-O Bg7 14. Ne1 f5 15.
Bxe4 dxe4 16. f4 gxf4 17. Bxf4 Qd5 18. Kb1 e3 19. Qxe3 Qxh1 20. Qxe6+ Kb8 21.
Qf7 Rxd4 22. Rxd4 Qxe1+ 23. Ka2 Bxd4 24. Qxc7+ Ka8 25. gxf5 Bb6 26. Qd7 Qxe2
27. f6 Qc4+ 28. Kb1 Rd8 29. Qxd8+ Bxd8 30. Bxh6 Bxf6 31. Bc1 Nd4 32. c3 Qd3+
33. Ka2 Ne2 34. h4 Nxc1+ 35. Ka1 Nb3+ 36. Ka2 Qc2 37. h5 Bxc3 38. h6 Qxb2# 0-1

[Event "2022 Mary Thomson Cup (Division C)"]
[Site "Woodvale, Perth WA AUS"]
[Date "2022.02.09"]
[Round "2"]
[White "Brooke, John"]
[Black "Hounsome, David"]
[Result "1-0"]
[WhiteElo "1291"]
[BlackElo "1378"]
[PlyCount "84"]
[EventDate "2022.02.02"]
[EventType "tourn"]
[EventRounds "7"]
[EventCountry "AUS"]

1. c4 e5 2. Nc3 Nc6 3. e4 Nf6 4. a3 Be7 5. Nf3 O-O 6. d3 Nd4 7. Nxe5 c5 8. Nf3
b6 9. Nxd4 cxd4 10. Nb5 Re8 11. Bf4 d6 12. Nxd4 Ng4 13. Be2 Ne5 14. Bxe5 dxe5
15. Nc6 Qd6 16. Nxe7+ Rxe7 17. Qc2 Be6 18. Rd1 Qd4 19. Qc3 Rd8 20. Qxd4 Rxd4
21. b4 Red7 22. O-O f5 23. f3 f4 24. Rd2 g5 25. Rfd1 h5 26. g4 h4 27. h3 a6 28.
a4 Rb7 29. Rb1 b5 30. cxb5 axb5 31. a5 Rc7 32. Kf1 Rc3 33. Ke1 Bb3 34. Ra1 Rxb4
35. Rb2 Ra4 36. Rab1 Ba2 37. Kd2 Bxb1 38. Kxc3 b4+ 39. Rxb4 Rxb4 40. Kxb4 Ba2
41. Kc5 Be6 42. Kd6 Bc8 1-0